000 01076cam a22002531i 4500
003 SA-RiAUC
005 20241121083532.0
008 241121s1996 su g 00010 ara c
020 _a9960313565
040 _aSA-RiAUC
_bara
_cSA-RiAUC
_erda
043 _aa-su---
082 0 4 _a253.6
_qSA-RiAUC
090 _a253.6
_bخ ا ل
100 1 _aالخالد، محمد عبد الرحيم عبد الله،
_d1352 هجري-
_eمؤلف.
245 1 0 _aأحكام الوقف على الذرية في الشريعة الإسلامية :
_bدراسة مقارنة مع التطبيق القضائي في الممكلة العربية السعودية /
_cتأليف محمد عبد الرحيم الخالد.
264 1 _aمكة المكرمة :
_b[الناشر غير محدد]،
_c1996
300 _a1 مجلد ؛
_c24 سم
336 _aنص
_btxt
_2rdacontent
_3كتاب
337 _aبدون وسيط
_bn
_2rdamedia
338 _aمجلد
_bnc
_2rdacarrier
650 7 _aالوقف
_zالسعودية
_2aucsh
942 _2ddc
_cBOOK
_n0
949 _aSA-JeALM
_d241121
_ukhaled123
_n1
999 _c2630
_d2630